000 01058nam a22002537a 4500
003 OSt
005 20250909144046.0
008 231018b ||||| |||| 00| 0 eng d
040 _c0
082 _aDPer 658.8005 J826 Winter-Fall 2020 v. 28 n. 1-4
100 _aMerkle, Adam C.
_eauthor.
_949704
245 _aAn examination of pro-stakeholder unethical behavior in the sales ethics subculture /
_cAdam C. Merkle, Joe F. Hair, Jr. , O. C. Ferrell, Linda K. Ferrell, and Bob G. Wood.
260 _aPhiladelphia ;
_bTaylor & Francis Group ,
_cFall 2020.
300 _aVolume 28, pages 418-435 :
_billustration ;
_c28 cm.
500 _aJournal of Marketing Theory and Practice, vol. 28, no. 4, pages 418-435, Fall 2020.
650 _aSales personnel.
_949705
650 _aBad behavior.
_918460
700 _aMerkle, Adam C.
_eauthor.
_949704
700 _aHair, Joe Jr. F.
_eauthor.
_949706
700 _aFerrell, O. C.
_eauthor.
_912315
700 _aFerrell, Linda K.
_eauthor.
_949707
700 _aWood, Bob G.
_eauthor.
_949708
942 _2ddc
_cPER
999 _c18361
_d18361